• 首页
  • 本馆介绍
  • 公告通知
  • 最新文献
  • 馆藏检索
  • 电子资源
  • 读者导购
  • 参考咨询
  • 我的图书馆
  • 登录
  • 详细信息显示
  • 放入我的书架
  • 预约/预借图书
  • 作者相关作品
  • 分类相关作品
  • 丛书相关作品
  • 出版社相关作品

书目信息

  • 表格格式
  • 工作单格式
  • 卡片格式
题名:
建筑师结构设计入门
    
 
作者: 达比, , 贝迪, 著 ;杨睿 译
分册:  
出版信息: 北京   电子工业出版社  2017.1
页数: 12,258页
开本: 28cm
丛书名:
单 册:
中图分类: TU318
科图分类:
主题词: 建筑结构--结构设计
电子资源:
ISBN: 978-7-121-30761-4
000 00960nam0 2200265 450
001 0400009195
005 20171119104429.0
010    @a978-7-121-30761-4@dCNY68.00
100    @a20170427d2017 em y0chiy50 ea
101 1  @achi@ceng
102    @aCN@b110000
105    @aa z 000yy
106    @ar
200 1  @a建筑师结构设计入门@Ajian zhu shi jie gou she ji ru men@d= Structure for architects@f (美) Ramsey Dabby, (美) Ashwani Bedi著@g杨睿译@zeng
210    @a北京@c电子工业出版社@d2017.1
215    @a12,258页@c图@d28cm
330    @a本书共二十章,从结构学的整体视角出发,涵盖了建筑师和相关技术人员需要了解的大量结构设计要点。
510 1  @aStructure for architects@zeng
606 0  @a建筑结构@x结构设计
690    @aTU318@v5
701  1 @c(美)@a达比,@Ada bi@bR.@g(Dabby, Ramsey)@4著
701  1 @c(美)@a贝迪,@Abei di@bA.@g(Bedi, Ashwani)@4著
702  0 @a杨睿@Ayang rui@4译
801  0 @aCN@b上海新华@c20171119
905    @b1028582-6@dTU318@e1388@f5
    
    建筑师结构设计入门= Structure for architects/ (美) Ramsey Dabby, (美) Ashwani Bedi著/杨睿译.-北京:电子工业出版社,2017.1
    12,258页:图;28cm
    
    
    ISBN 978-7-121-30761-4:CNY68.00
    本书共二十章,从结构学的整体视角出发,涵盖了建筑师和相关技术人员需要了解的大量结构设计要点。
●
相关链接 在E读中查询图书 在五车中查询图书 在当当中查询图书 在豆瓣中查询图书


正题名:建筑师结构设计入门     索取号:TU318/1388         预约/预借

序号 登录号 条形码 馆藏地/架位号 状态 备注
1 1028582   210285822   第二样本阅览室/ [索取号:TU318/1388] 在馆    
2 1028583   210285831   密集书库-生命科学系/ [索取号:TU318/1388] 在馆    
3 1028584   210285840   第三借阅区/ [索取号:TU318/1388] 在馆    
4 1028585   210285859   第三借阅区/ [索取号:TU318/1388] 在馆    
5 1028586   210285868   第三借阅区/ [索取号:TU318/1388] 在馆    
唐山师范学院图书馆 欢迎您!
大连网信软件有限公司© 版权所有